000 00894nam a2200265 i 4500
001 180603
003 ES-MaACL
005 20250618142556.0
008 120615s1973 sp af |||| |bspa d
020 _a84-279-8735-8
080 _a75Daumier, Honoré
100 1 _aDaumier, Honoré.
_942825
245 1 3 _aLa obra pictórica completa de Daumier /
_cintroducción de Luigi Barzini ; biografía y estudios críticos de Gabriele Mandel.
260 _aBarcelona :
_bNoguer,
_c[1973] (
_fRizzoli)
300 _a119 p. :
_bil. col. y n. ;
_c32 cm.
490 1 _aClásicos del arte ;
_v31
500 _aÍndices.
504 _aBibliografía: p. 82.
600 1 4 _aDaumier, Honoré.
_942825
700 1 _aBarzini, Luigi,
_d1874-1947
_926222
700 1 _aMandel, Gabriele.
_975943
830 0 _aClásicos del arte ;
_v31
_9191252
852 _aES-MaACL
_jL-31066
999 _c180603
_d180603